| 000 | 00381nam a22001217a 4500 | ||
|---|---|---|---|
| 020 | _a9783030171063 | ||
| 082 |
_a629.892 _bKOR |
||
| 100 | _aKorn ,Oliver | ||
| 245 |
_aSocila Robots : _btechnological, societal and ethical aspects of human-robot interaction / _cOliver Korn |
||
| 260 |
_aUSA : _bSpringer , _c2019. |
||
| 300 |
_aXIII, 288p. ; _bHardbinding, |
||
| 942 |
_2ddc _cBK |
||
| 999 |
_c611508 _d611508 |
||